00881nam a2200217Ia 4500008004100000020001500041040001800056041000800074110004000082245014900122260005700271300002200328504002800350650004500378650005700423650003800480650004300518650004500561700003000606700002700636130821s2000 xxu gr spa  a188693861x aCo-BoUCMbspa00aspa1 aBanco Interamericano de Desarrollo.10aAgua perdida compromisos institucionales para el suministro de servicios públicos sanitarioscEditores Pablo T. Spiller y William D. Savedoff aWashingtonbBanco Interamericano de Desarrolloc2000 avi, 276 páginas aIncluye bibliografía.04aAbastecimiento de aguazAmérica Latina04aDescentralización administrativazAmérica Latina04aPrivatizaciónzAmérica Latina04aServicios públicoszAmérica Latina04aUtilización del aguazAmérica Latina1 aSavedoff, William D.eed.1 aSpiller, Pablo T.eed.